000 01053nam a2200253 a 4500
999 _c327065
_d327065
003 BLK
005 20250612144218.0
008 181203b bu ||||| |||| 00| 0 bu d
020 _a9786191930593
040 _aBLK
041 _aBUL
_cDRU
080 _aИспанска литература
_b821.134.2
_x(82)-93-91-34
_z821.134.2(82)-93-91-34
100 _aДокампо, Валерия
_eпърви автор
_91299
139 _aДокампо, Валерия
_bД 72
245 _aЛешникотрошачката
_cВалерия Докампо; прев. Йоана Гацова ; ил. Валерия Докампо
257 _aBGR
260 _aСофия
_bАртлайн Студиос
_c2016
_dСтудио Арт Лайн
_n978-619-193- ; 978-954-2908-
300 _a40 с.
_c29 см
_bс ил.
380 _aDX
700 _aГацова, Йоана Пламенова
_gПреводач от английски език
_9341786
942 _cKNG
_n0
_088
_s1
999 _d327065
944 _k30564
_lАнна Гръцманова